| 000 | 00899nam a2200241 a 4500 | ||
|---|---|---|---|
| 999 |
_c11696 _d11696 |
||
| 001 | 16696 | ||
| 003 | BD-JhCC | ||
| 005 | 20200722122406.0 | ||
| 008 | 200722b bg |||| ||a| 000 0 ben d | ||
| 020 | _a9789849318743 | ||
| 035 | _a(BD-JhCC)11696 | ||
| 040 |
_aBD-JhCC _dBD-JhCC |
||
| 041 | _aben | ||
| 082 |
_a338.7610 _bNAD 2019 |
||
| 100 | _aনাদেলা, সত্য | ||
| 245 |
_aহিট রিফ্রেশ: _bমাইক্রোসফট যে কারণে আজকের মাইক্রোসফট / _cসত্য নাদেলা, অনু: কে পি ইমন । |
||
| 260 |
_aঢাকা: _bনালন্দা; _c২০১৯. |
||
| 300 |
_a199 p. : _c22 cm. |
||
| 650 |
_aMicrosoft Corporation _xOrganizational change _yCorporate culture _zTechnological innovations |
||
| 700 | _aইমন, কে পি | ||
| 942 |
_2ddc _cBK |
||